Sports Quiz

Random Sports or NFL Quiz

NFL Top 5 Passer Ratings (by Team) Quiz Stats

 Plays Quiz Updated Jan 12, 2018

Also try: NFL Top 5 Passers
Challenge
Share
Tweet
Embed
Score 0/160 Timer 10:00
8 Plays Today
Team Quarterback % Correct
New England PatriotsTom Brady
98.3%
New England PatriotsTom Brady
98.1%
New England PatriotsTom Brady
98.1%
New England PatriotsTom Brady
98%
Indianapolis ColtsPeyton Manning
98%
Indianapolis ColtsPeyton Manning
98%
Indianapolis ColtsPeyton Manning
98%
New York GiantsEli Manning
97.8%
Denver BroncosPeyton Manning
97.8%
New York GiantsEli Manning
97.6%
Denver BroncosPeyton Manning
97.6%
Denver BroncosPeyton Manning
97.5%
New Orleans SaintsDrew Brees
94.4%
New Orleans SaintsDrew Brees
93.5%
Green Bay PackersAaron Rodgers
93.4%
Green Bay PackersAaron Rodgers
93.4%
Green Bay PackersAaron Rodgers
93.4%
Los Angeles ChargersDrew Brees
93.3%
New Orleans SaintsDrew Brees
93.3%
New Orleans SaintsDrew Brees
93.3%
Green Bay PackersAaron Rodgers
93.3%
Dallas CowboysTony Romo
93.3%
Baltimore RavensJoe Flacco
92.7%
Miami DolphinsDan Marino
92.3%
Miami DolphinsDan Marino
92.3%
Dallas CowboysTony Romo
92.2%
Pittsburgh SteelersBen Roethlisberger
91.9%
Minnesota VikingsBrett Favre
91.5%
Los Angeles ChargersPhilip Rivers
91.5%
Kansas City ChiefsAlex Smith
91.4%
Atlanta FalconsMatt Ryan
91.2%
Philadelphia EaglesDonovan McNabb
91.1%
Philadelphia EaglesCarson Wentz
91%
Seattle SeahawksRussell Wilson
90.9%
Dallas CowboysDak Prescott
90.5%
San Francisco 49ersSteve Young
90.4%
San Francisco 49ersSteve Young
90.4%
San Francisco 49ersSteve Young
90.4%
Arizona CardinalsCarson Palmer
90.4%
Atlanta FalconsMatt Ryan
90.3%
Los Angeles RamsKurt Warner
90.2%
Los Angeles RamsKurt Warner
90.2%
Arizona CardinalsKurt Warner
90.2%
Arizona CardinalsKurt Warner
90.2%
Los Angeles RamsJared Goff
89.9%
Los Angeles ChargersPhilip Rivers
89.8%
Los Angeles ChargersPhilip Rivers
89.8%
Seattle SeahawksRussell Wilson
89.7%
Pittsburgh SteelersBen Roethlisberger
89.6%
Pittsburgh SteelersBen Roethlisberger
89.6%
Pittsburgh SteelersBen Roethlisberger
89.6%
Pittsburgh SteelersBen Roethlisberger
89.6%
San Francisco 49ersJoe Montana
89.1%
Cincinnati BengalsCarson Palmer
89%
Team Quarterback % Correct
Detroit LionsMatthew Stafford
88.9%
Denver BroncosJohn Elway
88.1%
Oakland RaidersDerek Carr
87.9%
Baltimore RavensJoe Flacco
87%
Dallas CowboysTroy Aikman
85%
Washington RedskinsRobert Griffin III
84.9%
Houston TexansMatt Schaub
84%
Houston TexansMatt Schaub
84%
Houston TexansMatt Schaub
84%
Tennessee TitansSteve McNair
82.6%
Buffalo BillsJim Kelly
80.6%
Buffalo BillsJim Kelly
80.6%
Miami DolphinsRyan Tannehill
80.5%
Carolina PanthersCam Newton
80.1%
New York JetsChad Pennington
80.1%
New York JetsChad Pennington
80.1%
Miami DolphinsChad Pennington
80.1%
Buffalo BillsTyrod Taylor
80%
Seattle SeahawksMatt Hasselbeck
79.7%
Miami DolphinsRyan Tannehill
79.2%
Carolina PanthersCam Newton
79.1%
Tennessee TitansMarcus Mariota
79%
Carolina PanthersJake Delhomme
76.1%
Philadelphia EaglesNick Foles
75.3%
Houston TexansDeshaun Watson
75%
Oakland RaidersRich Gannon
75%
Oakland RaidersRich Gannon
74.9%
Minnesota VikingsSam Bradford
73.4%
New York GiantsEli Manning
72.1%
Minnesota VikingsDaunte Culpepper
71.6%
Minnesota VikingsCase Keenum
71.6%
Houston TexansRyan Fitzpatrick
71.5%
New York JetsVinny Testaverde
70.4%
Baltimore RavensVinny Testaverde
70.4%
Jacksonville JaguarsDavid Garrard
69.8%
Tennessee TitansSteve McNair
69.5%
Tennessee TitansWarren Moon
68.5%
Los Angeles RamsTrent Green
67.3%
Jacksonville JaguarsMark Brunell
67.3%
Jacksonville JaguarsMark Brunell
67.3%
Green Bay PackersBart Starr
66.5%
New York GiantsPhil Simms
65.8%
Dallas CowboysRoger Staubach
65.4%
Cincinnati BengalsBoomer Esiason
63.5%
Tampa Bay BuccaneersBrad Johnson
63.5%
Los Angeles RamsMarc Bulger
60.3%
Minnesota VikingsRandall Cunningham
58.2%
Jacksonville JaguarsByron Leftwich
58.2%
Denver BroncosBrian Griese
54.1%
Tampa Bay BuccaneersBrian Griese
54.1%
Cleveland BrownsMilt Plum
53.8%
Cincinnati BengalsAndy Dalton
51.1%
Washington RedskinsKirk Cousins
49.4%
Chicago BearsJosh McCown
48.6%
Team Quarterback % Correct
Oakland RaidersKen Stabler
48%
Oakland RaidersKen Stabler
48%
Tampa Bay BuccaneersJameis Winston
46.8%
Detroit LionsMatthew Stafford
46.8%
Cincinnati BengalsKen Anderson
46.8%
Cincinnati BengalsKen Anderson
46.8%
Tampa Bay BuccaneersJeff Garcia
46.1%
Washington RedskinsKirk Cousins
45.9%
Buffalo BillsTyrod Taylor
43.9%
Atlanta FalconsChris Chandler
43.8%
Atlanta FalconsChris Chandler
42.6%
Cleveland BrownsBernie Kosar
41.9%
Buffalo BillsTyrod Taylor
41.2%
Kansas City ChiefsLen Dawson
40.6%
Kansas City ChiefsLen Dawson
40.6%
Kansas City ChiefsLen Dawson
40.6%
Seattle SeahawksRussell Wilson
39.8%
Washington RedskinsMark Rypien
39.5%
Indianapolis ColtsJim Harbaugh
38.1%
Baltimore RavensJoe Flacco
38%
New York GiantsY.A. Tittle
36.9%
New England PatriotsTom Brady
36.4%
New Orleans SaintsDrew Brees
34.9%
Baltimore RavensJoe Flacco
34.3%
Cleveland BrownsOtto Graham
34.1%
Cleveland BrownsOtto Graham
34.1%
Cleveland BrownsOtto Graham
34.1%
Los Angeles ChargersPhilip Rivers
33.9%
Detroit LionsMatthew Stafford
32.9%
Philadelphia EaglesMichael Vick
31.2%
Seattle SeahawksRussell Wilson
30.4%
New York JetsKen O'Brien
29.3%
Detroit LionsDave Krieg
29.1%
Washington RedskinsKirk Cousins
27.5%
Arizona CardinalsCarson Palmer
27%
Indianapolis ColtsBert Jones
25.7%
Jacksonville JaguarsDavid Garrard
25.4%
Tampa Bay BuccaneersJosh Freeman
23.7%
New York JetsJosh McCown
20.3%
Carolina PanthersSteve Beuerlein
19.6%
Carolina PanthersSteve Beuerlein
19.6%
Chicago BearsSid Luckman
19.5%
Arizona CardinalsNeil Lomax
17.8%
Atlanta FalconsSteve Bartkowski
17.6%
Chicago BearsErik Kramer
17.4%
Detroit LionsMatthew Stafford
17.2%
Tennessee TitansGeorge Blanda
15.6%
Kansas City ChiefsDamon Huard
11.8%
Chicago BearsBilly Wade
3.7%
Philadelphia EaglesTommy Thompson
3.6%
San Francisco 49ersFrankie Albert
2.3%
Chicago BearsRudy Bukich
1.8%

You're not logged in!

Compare scores with friends on all Sporcle quizzes.
Join for Free
OR
Log In

You Might Also Like...

Show Comments

Extras

Top Quizzes Today


Score Distribution

Your Account Isn't Verified!

In order to create a playlist on Sporcle, you need to verify the email address you used during registration. Go to your Sporcle Settings to finish the process.

Report this User

Report this user for behavior that violates our Community Guidelines.

Details: